| 000 | 00431nam a2200157Ia 4500 | ||
|---|---|---|---|
| 008 | 151213s9999 xx 000 0 und d | ||
| 100 | _aGoon / Gupta/Das Gupta | ||
| 245 |
_aFundamental of Statistics _cGoon / Gupta/Das Gupta |
||
| 250 | _a5th | ||
| 260 |
_aIndia _bThe Warld Press Private Ltd. _c1976 |
||
| 300 | _a6984 p. | ||
| 650 | _aStatistics | ||
| 650 | _aStatistics | ||
| 700 | _aGoon / Gupta/Das Gupta | ||
| 999 |
_c3723 _d3723 |
||